Southville International School and Colleges
Your cart is empty.
  • Cart
  • Lists
    Public lists list_1 View all
    Your lists Log in to create your own lists
  • Log in to your account
  • Your cookies
  • Search history
Southville International School and Colleges
  • Advanced search
  • Recent comments
  • Most popular
  • Libraries

Log in to your account

Log in with GOOGLE


If you do not have an external account, but do have a local account, you can still log in:

  1. Home
  2. MARC view: Go in peace:
Normal view MARC view ISBD view

Go in peace: (Record no. 287983)

[ view plain ]
MARC details
000 -LEADER
fixed length control field 00524nam a2200157Ia 4500
008 - FIXED-LENGTH DATA ELEMENTS--GENERAL INFORMATION
fixed length control field 150610s9999 xx 000 0 und d
020 ## - INTERNATIONAL STANDARD BOOK NUMBER
International Standard Book Number 9710305220
050 ## - LIBRARY OF CONGRESS CALL NUMBER
Classification number BX2350.3
Item number .J62 2003
100 ## - MAIN ENTRY--PERSONAL NAME
Personal name John Paul II, Pope, 1920-
245 ## - TITLE STATEMENT
Title Go in peace:
Remainder of title a gift of enduting love /
Statement of responsibility, etc by John Paul II; edited by joseph Duerpos.
260 ## - PUBLICATION, DISTRIBUTION, ETC. (IMPRINT)
Place of publication, distribution, etc USA :
Name of publisher, distributor, etc Loyola Press,
Date of publication, distribution, etc 2003.
300 ## - PHYSICAL DESCRIPTION
Extent 244pages ;
Dimensions 22 cm.
504 ## - BIBLIOGRAPHY, ETC. NOTE
Bibliography, etc Includes Bibliographic references.
520 ## - SUMMARY, ETC.
Summary, etc Catholic authors.
650 ## - SUBJECT ADDED ENTRY--TOPICAL TERM
Topical term or geographic name as entry element Catholic Church
General subdivision Doctrines.
Holdings
Withdrawn status Lost status Damaged status Home library Current library Shelving location Date acquired Total Checkouts Full call number Barcode Date last seen Price effective from Koha item type
      Stonyhurst Southville International School (Batangas) Stonyhurst Southville International School (Batangas)   06/10/2015   BX2350.3 .J62 2003 US-0437 06/10/2015   Books

Go in peace:

APA

John Paul II P. 1., . (2003). Go in peace. USA: Loyola Press.

Chicago

John Paul II Pope 1920, . 2003. Go in peace. USA: Loyola Press.

Harvard

John Paul II P. 1., . (2003). Go in peace. USA: Loyola Press.

MLA

John Paul II Pope 1920, . Go in peace. USA: Loyola Press. 2003.

  • Place hold
  • Print
  • Cite
  • Add to your cart (remove)
  • Save record
    BIBTEX Dublin Core MARCXML MARC (non-Unicode/MARC-8) MARC (Unicode/UTF-8) MARC (Unicode/UTF-8, Standard) MODS (XML) RIS
  • More searches
    Search for this title in:
    Other Libraries (WorldCat) Other Databases (Google Scholar) Online Stores (Bookfinder.com) Open Library (openlibrary.org)

Exporting to Dublin Core...

SOUTHVILLE LIBRARY

Southville International School and Colleges Library

1281 Tropical Ave. Cor. Luxembourg St., BF Homes International, Las Pinas City

Tel. No. 8256374 / 252358 Loc. 117/146

Powered by Koha